000 01371nam a22003977a 4500
003 OSt
005 20230524140650.0
008 221006b |||||||| |||| 00| 0 eng d
040 _cBiblioteca Lado V
082 _a700
_bA786l
110 _9830
_aARTEDER
_eEditor
245 _aLAPIZ/
_bRevista Mensual de Arte/
260 _bFeria internacional de Bilbao
_c2000
_aEspaƱa
300 _c22x29cm
_a98p.
366 _espa
490 _a161
_vXIX
505 _aEditorial
505 _aEl papel del arte en la cultura de masas
505 _aEntrevista con cildo meireles
505 _aLuis Claramunt
505 _aRineke Dijkstra
505 _aEntrevista con Julio Sarmento
505 _aHelena Almeida
505 _aExposiciones y Actualidad
505 _aPublicaciones
650 _2Tesauro de Arte & Arquitectura
_aARTE
_9703
650 _2Tesauro de Arte & Arquitectura
_aARQUITECTURA
650 _2Tesauro de Arte & Arquitectura
_aFOTOGRAFIA
_9702
650 _2Tesauro de Arte & Arquitectura
_aENTREVISTAS
650 _2Tesauro de Arte & Arquitectura
_aARQUEOLOGIA
650 _2Tesauro de Arte & Arquitectura
_aREPORTAJES
650 _2Tesauro de Arte & Arquitectura
_aLIBROS
650 _2Tesauro de Arte & Arquitectura
_aNOTICIAS
651 _2Tesauro de Arte & Arquitectura
_aSUBASTAS
942 _2ddc
_c1
_h700
_iA786l
_n0
999 _c3718
_d3718